000 00713nam a2200205Ia 4500
003 GCL
008 140319s9999 xx 000 0 ara d
020 _a8821291977
040 _aGCL /
_cGCL
082 0 4 _a811.09
_bو ت
100 1 _aوجدى أبوالريحة
245 1 0 _aترانيم على ضفاف دجلة :
_bشعر /
_cوجدى أبوالريحة
250 _aالاولى
260 _aالقاهرة :
_bمركز الحضارة العربية للاعلام والنشر ،
_c2007
300 _a79 ص ؛
_c20 سم
650 0 4 _aالشعر العربى
650 0 4 _aالشعر العربى - دواوين وقصائد
650 0 4 _aالشعر العربى - مجموعات
942 _2ddc
_cBK
999 _c9549
_d9549